000
00340 a2200157 4500
001
16902
020
_a
9788541810623
040
_c
Anchieta - Bela Vista
100
_a
Chaud, Benjamin
240
1
0
_a
Adeus, meião
_l
por
245
1
0
_a
Adeus, meião
300
_a
36
362
0
_a
2015
650
4
_a
Literatura infanto-juvenil
942
_c
BK
999
_c
16902
_d
16902